AH International Schools' Libraries

The new kid / (Record no. 49466)

MARC details
000 -LEADER
fixed length control field 00314nam a2200109 4500
020 ## - INTERNATIONAL STANDARD BOOK NUMBER
International Standard Book Number 9781444936179
100 ## - MAIN ENTRY--PERSONAL NAME
Personal name Fitzpatrick, Marie-Louise
9 (RLIN) 86635
245 ## - TITLE STATEMENT
Title The new kid /
Statement of responsibility, etc Marie-Louise Fitzpatrick
260 ## - PUBLICATION, DISTRIBUTION, ETC. (IMPRINT)
Place of publication, distribution, etc London
Name of publisher, distributor, etc Hodder Children's Books
Date of publication, distribution, etc 2015
300 ## - PHYSICAL DESCRIPTION
Extent unpaged.
Other physical details col. ill.
Dimensions 27 cm.
942 ## - ADDED ENTRY ELEMENTS (KOHA)
Source of classification or shelving scheme
Koha item type Book
Holdings
Withdrawn status Lost status Source of classification or shelving scheme Damaged status Not for loan Collection code Home library Current library Date acquired Total Checkouts Full call number Barcode Date last seen Date checked out Price effective from Koha item type
          Primary Asian Hope Primary Library Asian Hope Primary Library 09/01/2025 8 E FIT 209385 03/05/2026 02/26/2026 09/01/2025 Book

For any Logos Library related questions please contact Miss Art at swongnarasuk@asianhope.org.

For any Asian Hope Library related questions please contact Miss Raza at graza@asianhope.org.

Powered by Koha